[Event "Oxford op"]
[Site "Oxford"]
[Date "1998.??.??"]
[Round "9"]
[White "Bean, Terrence"]
[Black "Rose, Matthew"]
[Result "0-1"]
[WhiteElo "2040"]
[BlackElo "2105"]
[PlyCount "66"]
[EventDate "1998.12.??"]
[Source "www.chesslib.no"]
[SourceDate "2004.05.04"]

1. f4 e5 2. e4 exf4 3. Nf3 d6 4. Bc4 h6 5. d4 g5 6. O-O Bg7 7. Nc3 Ne7 8. Ne2 Nbc6 9. c3 d5 10. exd5 Nxd5 11. g3 fxg3 12. Nxg3 O-O 13. Ne5 Nxe5 14. dxe5 c6 15. Qh5 Qe7 16. Bd3 Qxe5 17. Nf5 Bxf5 18. Rxf5 Nf6 19. Qh3 Qe1+ 20. Rf1 Qe6 21. Bf5 Qe2 22. Rf2 Qh5 23. Qg2 Rfe8 24. Bd2 Re7 25. Raf1 Rae8 26. Bd3 Qg4 27. Rxf6 Qxg2+ 28. Kxg2 Bxf6 29. Rxf6 Rd7 30. Rxh6 Rxd3 31. Bxg5 Re2+ 32. Kf1 Rxb2 33. Ke1 Kg7 0-1

[Event "RLSW_Sonthofen1-Unterhaching1"]
[Site "?"]
[Date "2005.02.13"]
[Round "7.2"]
[White "Schweier Lorenz"]
[Black "Schunk Herbert"]
[Result "0-1"]
[WhiteElo "2050"]
[BlackElo "2090"]
[PlyCount "80"]
[EventDate "2005.??.??"]
[Source "www.chesslib.no"]
[SourceDate "2004.05.04"]

1. e4 e5 2. f4 exf4 3. Nf3 d6 4. Bc4 h6 5. O-O g5 6. d4 Bg7 7. c3 Ne7 8. a4 O-O 9. Qb3 c6 10. Nbd2 d5 11. Bd3 Qb6 12. Qa3 Re8 13. a5 Qc7 14. e5 Bf5 15. Be2 Ng6 16. Bd1 f6 17. exf6 Bxf6 18. h3 Bd3 19. Rf2 Nd7 20. Nf1 Kg7 21. Bd2 Bf5 22. N3h2 Be7 23. b4 Nf6 24. Qa2 h5 25. Bc2 Be4 26. Re1 Bd6 27. Rfe2 g4 28. hxg4 hxg4 29. Qb1 f3 30. gxf3 gxf3 31. Nxf3 Bxf3 32. Rxe8 Rxe8 33. Rxe8 Ng4 34. Ne3 Bh2+ 35. Kf1 Nxe3+ 36. Bxe3 Nh4 37. Bg5 Qg3 38. Bh6+ Kxh6 39. Qc1+ Kg7 40. Qe3 Qg2+ 0-1

[Event "Bayernliga 05/06 (RLSO)"]
[Site "?"]
[Date "2005.11.27"]
[Round "3.3"]
[White "Kampert Andreas"]
[Black "Mittermeier Josef"]
[Result "0-1"]
[WhiteElo "2076"]
[BlackElo "2055"]
[PlyCount "49"]
[EventDate "2005.??.??"]
[Source "www.chesslib.no"]
[SourceDate "2004.05.04"]

1. e4 e5 2. f4 exf4 3. Nf3 h6 4. Bc4 d6 5. d4 g5 6. O-O Bg7 7. c3 Nc6 8. g3 Nf6 9. gxf4 g4 10. Nfd2 O-O 11. Bd3 g3 12. hxg3 Bg4 13. Be2 Qd7 14. e5 Bxe2 15. Qxe2 dxe5 16. fxe5 Rae8 17. Nc4 Nd5 18. Ne3 Nxe3 19. Bxe3 f6 20. exf6 Bxf6 21. Rf3 Rf7 22. Qg2 Bg5 23. Bxg5 Re1+ 24. Kf2 Qe6 25. Rxf7 0-1

[Event "It (Men) Frydek Mistek CZE"]
[Site "?"]
[Date "2006.04.16"]
[Round "7"]
[White "Vaclavik Ales"]
[Black "Macicek Jan"]
[Result "0-1"]
[WhiteElo "1959"]
[BlackElo "2135"]
[PlyCount "76"]
[EventDate "2006.??.??"]
[Source "www.chesslib.no"]
[SourceDate "2004.05.04"]

1. e4 e5 2. f4 exf4 3. Nf3 g5 4. Bc4 Bg7 5. d4 h6 6. O-O d6 7. c3 Nc6 8. g3 Bh3 9. Rf2 Qd7 10. gxf4 gxf4 11. Bxf4 O-O-O 12. Nbd2 Nf6 13. Bg3 Rhe8 14. Nh4 d5 15. exd5 Nxd5 16. Qf3 Nxd4 17. Qxf7 Nc2 18. Rc1 Nce3 19. Bb5 c6 20. Nc4 Nxc4 21. Bxc4 Ne3 22. Qf4 Re5 23. Bb3 Nd5 24. Qa4 a6 25. Ng6 Rg5 26. Bxd5 Rxg6 27. Bf7 Rg5 28. Bc4 Be5 29. Rf7 Rxg3+ 30. hxg3 Qg4 31. Be6+ Qxe6 32. Rf3 Bc7 33. Qc2 Bg4 34. Rd3 Re8 35. Rf1 h5 36. Rf2 Qe1+ 37. Kg2 Qe4+ 38. Kg1 Bb6 0-1

[Event "It (Men) Frydek Mistek CZE"]
[Site "?"]
[Date "2006.04.14"]
[Round "3"]
[White "Vaclavik Ales"]
[Black "Snorek Milan"]
[Result "0-1"]
[WhiteElo "1959"]
[BlackElo "2129"]
[PlyCount "65"]
[EventDate "2006.??.??"]
[Source "www.chesslib.no"]
[SourceDate "2004.05.04"]

1. e4 e5 2. f4 exf4 3. Nf3 g5 4. Bc4 Bg7 5. d4 d6 6. c3 Nc6 7. O-O h6 8. g3 Bh3 9. Rf2 fxg3 10. hxg3 Qd7 11. Nbd2 Nf6 12. e5 Ng4 13. Re2 dxe5 14. dxe5 Ncxe5 15. Qe1 f6 16. Nd4 Bf8 17. Be6 Qe7 18. b3 c5 19. Ba3 a6 20. Qb1 Qc7 21. Qe4 cxd4 22. Bxf8 Qxc3 23. Bxg4 Qxg3+ 24. Kh1 Bxg4 25. Qxb7 Rxf8 26. Qxa8+ Kf7 27. Qd5+ Kg7 28. Rg2 Qh3+ 29. Rh2 Qc3 30. Rf1 Bd7 31. Ne4 Qd3 32. Rxf6 Rxf6 33. Nxf6 0-1

[Event "17sen.DSEM_GrA Essen"]
[Site "?"]
[Date "2005.08.25"]
[Round "5.17"]
[White "Bogorads Michails"]
[Black "Schmoll Heinz"]
[Result "1-0"]
[WhiteElo "2133"]
[BlackElo "1952"]
[PlyCount "65"]
[EventDate "2005.??.??"]
[Source "www.chesslib.no"]
[SourceDate "2004.05.04"]

1. e4 e5 2. f4 exf4 3. Nf3 d6 4. d4 g5 5. Bc4 h6 6. O-O Bg7 7. c3 Nf6 8. Qb3 O-O 9. e5 d5 10. Bd3 Ne4 11. Nbd2 Nxd2 12. Bxd2 Nc6 13. Rad1 Ne7 14. Bc1 b6 15. g3 fxg3 16. hxg3 f5 17. exf6 Rxf6 18. Ne5 Bh3 19. Rxf6 Bxf6 20. Kh2 Qc8 21. Re1 Kg7 22. Qd1 Bf5 23. Qf3 Bxd3 24. Nxd3 Qd7 25. Rf1 Qd6 26. Ne5 h5 27. Nd7 Ng8 28. Bxg5 Qxd7 29. Bxf6+ Kg6 30. Be5 Re8 31. Qd3+ Kh6 32. Rf5 Qe7 33. Qf3 1-0

[Event "Ann Arbor, Mich."]
[Site "?"]
[Date "1983.10.29"]
[Round "2"]
[White "Moody David"]
[Black "Thompson Dexter"]
[Result "1-0"]
[WhiteElo "1916"]
[BlackElo "2105"]
[PlyCount "77"]
[EventDate "1983.??.??"]
[Source "www.chesslib.no"]
[SourceDate "2004.05.04"]

1. e4 e5 2. f4 exf4 3. Nf3 d6 4. d4 g5 5. Bc4 h6 6. O-O Bg7 7. Qe2 Nc6 8. c3 Nge7 9. Nbd2 Bg4 10. Qf2 O-O 11. h4 Ng6 12. hxg5 hxg5 13. Nh2 Bd7 14. g3 Kh7 15. gxf4 Nxf4 16. Qg3 Rh8 17. Ndf3 Nh3+ 18. Kg2 Kg8 19. Nxg5 Nxg5 20. Bxg5 Bh3+ 21. Kg1 Bxf1 22. Bxd8 Bxc4 23. Bf6 Rh7 24. Kf2 Rxh2+ 25. Qxh2 Bxf6 26. Qh6 Bxd4+ 27. cxd4 Ne7 28. Rg1+ Ng6 29. Qc1 d5 30. b3 Bd3 31. e5 c6 32. Qh6 Re8 33. Qh3 Ba6 34. Qd7 Kf8 35. Rxg6 fxg6 36. e6 Re7 37. Qd8+ Re8 38. Qf6+ Kg8 39. Qf7+ 1-0

[Event "ENG, 4NCL 2004/05 Div2, rounds 9-11"]
[Site "?"]
[Date "2005.05.02"]
[Round "11.8"]
[White "Barraclough Stephanie"]
[Black "Horton Justin"]
[Result "0-1"]
[WhiteElo "1922"]
[BlackElo "2096"]
[PlyCount "68"]
[EventDate "2005.??.??"]
[Source "www.chesslib.no"]
[SourceDate "2004.05.04"]

1. e4 e5 2. f4 exf4 3. Nf3 g5 4. Bc4 Bg7 5. d4 d6 6. h4 h6 7. Nc3 Nc6 8. Bb5 Bd7 9. Rg1 g4 10. Bxc6 bxc6 11. Bxf4 gxf3 12. Qxf3 Bxd4 13. Rh1 Qf6 14. O-O-O Be5 15. g3 Ne7 16. Qe3 Bxf4 17. gxf4 Ng6 18. Rhf1 Qxh4 19. e5 O-O 20. Ne4 Bf5 21. Ng3 Bg4 22. Rh1 Qe7 23. Rde1 f5 24. Rxh6 Kg7 25. Rhh1 Rh8 26. Rhg1 d5 27. Qc3 Qe6 28. Ref1 Rhd8 29. Rf2 d4 30. Qa3 Rd7 31. Nf1 Rad8 32. Rg3 Nxe5 33. fxe5 Qxe5 34. Kd2 Re8 0-1

[Event "Como-ch Provinciale"]
[Site "Villaguardia, Como"]
[Date "2000.02.11"]
[Round "5.3"]
[White "Gagliardi, Christian"]
[Black "Buonocore, Elio"]
[Result "0-1"]
[WhiteElo "1918"]
[BlackElo "2093"]
[PlyCount "106"]
[EventDate "2000.01.14"]
[Source "www.chesslib.no"]
[SourceDate "2004.05.04"]

1. e4 e5 2. f4 exf4 3. Nf3 d6 4. Bc4 h6 5. O-O g5 6. d4 Bg7 7. c3 Nc6 8. Qe2 Nge7 9. h4 Ng6 10. h5 Nge7 11. g3 g4 12. Nh4 f3 13. Nxf3 gxf3 14. Bxf7+ Kxf7 15. Qxf3+ Bf5 16. exf5 Bf6 17. Na3 Qd7 18. Bd2 Rag8 19. Rae1 Nd8 20. Nc4 Kf8 21. Ne3 Rg7 22. Ng4 Ng8 23. Bf4 Re7 24. Rxe7 Qxe7 25. Rf2 Qf7 26. b3 Bg5 27. Qh1 Nf6 28. Bxg5 Nxg4 29. Bxd8 Nxf2 30. Kxf2 Qxf5+ 31. Qf3 Qxf3+ 32. Kxf3 Rh7 33. Bh4 Rf7+ 34. Kg2 Rf5 35. g4 Ra5 36. a4 b5 37. axb5 Rxb5 38. b4 a5 39. bxa5 Rxa5 40. Kf3 Ra3 41. Be1 Ra1 42. Bd2 Kg7 43. Be3 d5 44. g5 hxg5 45. Bxg5 Rh1 46. h6+ Kg6 47. Be3 Rh3+ 48. Ke2 Kf5 49. Kd3 c6 50. h7 Rxh7 51. c4 Rh3 52. Ke2 Ke4 53. Bf2 Rh2 0-1